00770 a2200181 45000010006000000050017000060080041000230030015000640400040000790800066001192450044001850200018002292640032002473000019002795050241002981000029005397000020005685859720260407155842.0260407a1989 arg spa dAR-UNSa-BCEJYS aAR-UNSa-BCEJYSbspacAR-UNSa-BCEJYS a336.226xTipos de impuestos. Impuestos directos e indirectos 10aRégimen impositivo de las inversiones a950-9109-97-5 1aBuenos Aires :bTesisc1989 a130 p.c20 cm. a1. Generalidades y antecedentes - 2. Aspectos fiscales especificos - 3. Acciones - 4. Titulos públicos - 5. Obligaciones negociables . Operaciones de caución y pase. Plazo fijo. Fondos comunes de inversión. Diferencias de cambios 1 aZarazaga, Carlos Enrique1 aCrespo, Enrique